The collected stories of Katherine ...\ (Record no. 534042)
[ view plain ]
| 000 -LEADER | |
|---|---|
| fixed length control field | 00826cam a2200265 a 4500 |
| 001 - CONTROL NUMBER | |
| control field | 2863432 |
| 003 - CONTROL NUMBER IDENTIFIER | |
| control field | NUST |
| 005 - DATE AND TIME OF LATEST TRANSACTION | |
| control field | 20200129100433.0 |
| 008 - FIXED-LENGTH DATA ELEMENTS--GENERAL INFORMATION | |
| fixed length control field | 850201s1984 xx c 000 1 eng |
| 010 ## - LIBRARY OF CONGRESS CONTROL NUMBER | |
| LC control number | 85112927 |
| 038 ## - RECORD CONTENT LICENSOR | |
| Staff Name | . |
| 040 ## - CATALOGING SOURCE | |
| Original cataloging agency | DLC |
| Transcribing agency | DLC |
| Modifying agency | DLC |
| 050 00 - LIBRARY OF CONGRESS CALL NUMBER | |
| Classification number | PS3531.O752 |
| Item number | A6 1984b |
| 082 00 - DEWEY DECIMAL CLASSIFICATION NUMBER | |
| Classification number | 823 |
| Edition number | 19 |
| 100 1# - MAIN ENTRY--PERSONAL NAME | |
| Personal name | Stephen Arkin |
| Dates associated with a name | 1890-1980. |
| 9 (RLIN) | 28158 |
| 240 10 - UNIFORM TITLE | |
| Uniform title | Short stories |
| 245 14 - TITLE STATEMENT | |
| Title | The collected stories of Katherine ...\ |
| 260 ## - PUBLICATION, DISTRIBUTION, ETC. | |
| Place of publication, distribution, etc. | [S.l.] : |
| Name of publisher, distributor, etc. | Southern Living Gallery, |
| Date of publication, distribution, etc. | c2008. |
| 300 ## - PHYSICAL DESCRIPTION | |
| Extent | viii, 245+ p. : |
| Other physical details | port. ; |
| Dimensions | 23 cm. |
| 440 #4 - SERIES STATEMENT/ADDED ENTRY--TITLE | |
| Title | The Southern classics library |
| 9 (RLIN) | 28159 |
| 500 ## - GENERAL NOTE | |
| General note | "Notes from the editors" (22 p.) inserted. |
| 651 #0 - SUBJECT ADDED ENTRY--GEOGRAPHIC NAME | |
| Geographic name | Southern States |
| General subdivision | Social life and customs |
| -- | Fiction. |
| 9 (RLIN) | 23306 |
| 906 ## - LOCAL DATA ELEMENT F, LDF (RLIN) | |
| a | 7 |
| b | cbc |
| c | orignew |
| d | 2 |
| e | ncip |
| f | 19 |
| g | y-gencatlg |
| 942 ## - ADDED ENTRY ELEMENTS (KOHA) | |
| Source of classification or shelving scheme | |
| Koha item type | Book |
| Withdrawn status | Lost status | Source of classification or shelving scheme | Damaged status | Not for loan | Permanent Location | Current Location | Date acquired | Total Checkouts | Full call number | Barcode | Date last seen | Price effective from | Koha item type |
|---|---|---|---|---|---|---|---|---|---|---|---|---|---|
| School of Civil and Environmental Engineering (SCEE) | School of Civil and Environmental Engineering (SCEE) | 01/29/2020 | 823 | NIT-9541 | 01/29/2020 | 01/29/2020 | Book |
